01257nam a2200241Ia 4500003000400000005001700004008004100021020000900062040002100071041000800092082002900100100003400129245010000163250002300263260003900286300008000325504003600405505044400441650003300885650003200918650003500950700003000985OSt20210610124312.0210310s9999 xx 000 0 und d a#N/A aCO-JMCRcCO-JMCR0 aspa04a331.319861 / bF645n2231 aFlorez, Carmen Elisa.eautora10aNiñas, niños y jovenes trabajadores Colombia 1996cCarmen Elisa Flórez, Regina Ménde.,  aPrimera edición  aBogotá : bTercer mundo, c1998. a[200] páginas : bilustraciones y gráficas en blanco y negro ; c24 cm. aBibliografía : páginas 114.0 aLa medición del trabajo infantil y juvenil en la encuesta nacional de hogares y la encuesta sobre niñez y adolescencia. -- Principales tendencias del trabajo de los jóvenes entre 1992 y 1996. -- El trabajo en las ocho principales ciudades en 1996 según la encuesta sobre niñez y adolescencia y en la zona rural al nivel nacional según la encuesta nacional de hogares. -- Conclusiones y recomendaciones- 14aTrabajo infantil. zColombia24aTrabajo juvenil zColombia 24aTrabajo adolescentezColombia 1 aMéndez, Regina. eautor